00546nam a2200181 a 4500001001300000003000900013005001700022008004100039020001000080082001500090100003100105245007500136260005100211500003500262505001000297650002600307700003100333nice12345678IN_TiNIC20260116012642.0070830s1994 leia grp 000 0 eng  ac10000a017.2bLIB aLibrary Of Oscar Lofgran,  aLibrary of Oscar Lofqren( With Additions from Stock) Catalogue No. 596 aLeiden bSmitskamp Oriental Antiquarium c1994 aincludes index and biblioraphy2 aindex aCatalogue-Manuscripts1 aLibrary Of Oscar Lofgran,